000 00489cam a22002054a 4500
005 20250605164320.0
008 250528s ||||||||||||||||||||||||d
035 _a22891
020 _a9780761943297
040 _aGR-AtMCL
_bgre
_dGR-AtMCL
_eAACR2
245 1 _aNEWSPAPER JOURNALISM
250 _a1
260 _bSage Publications,
_c2005
300 _a222
700 1 _aFeatherstone Sue
_98529
700 1 _aPape Susan
_98530
942 _cBK
999 _c7935
_d7935